[Event "tht Extraliga 16/17,Lokomotiva Brno-Novy Bor"]
[Site "Brno"]
[Date "2016.10.08"]
[Round "1.3"]
[White "Kratochvil, Josef"]
[Black "Vitiugov, Nikita"]
[WhiteElo "2274"]
[BlackElo "2721"]
[Result "0-1"]
[PlyCount "58"]

1. e4 g6 2. d4 Bg7 3. Nc3 a6 4. a4 d6 5. Be3 Nd7 6. g3 c5 7. Nge2 cxd4 8. Bxd4
Bxd4 9. Qxd4 Ne5 10. Bg2 Bh3 11. O-O Nf6 12. Nd5 Nxd5 13. exd5 Rc8 14. Rfc1 O-O
15. c4 Bg4 16. Nf4 Qa5 17. h3 Bf5 18. g4 Bd7 19. b3 Qb4 20. Qe3 b5 21. cxb5
axb5 22. Rxc8 Rxc8 23. a5 Rc3 24. Qb6 Qxf4 25. a6 Nf3+ 26. Bxf3 Rxf3 27. a7
Rxh3 28. a8=Q+ Kg7 29. Kf1 Bxg4 0-1

[Event "tht Extraliga 16/17,Lokomotiva Brno-Novy Bor"]
[Site "Brno"]
[Date "2016.10.08"]
[Round "1.4"]
[White "Laznicka, Viktor"]
[Black "Ramik, Zdenek"]
[WhiteElo "2651"]
[BlackElo "2213"]
[Result "1-0"]
[PlyCount "81"]

1. d4 Nf6 2. Bg5 d6 3. Nc3 Nbd7 4. e4 e5 5. f4 Be7 6. Nf3 h6 7. Bxf6 Bxf6 8.
dxe5 dxe5 9. f5 c6 10. Qe2 a5 11. O-O-O a4 12. g4 Qa5 13. Nb1 a3 14. b3 Bg5+
15. Nxg5 hxg5 16. Qe3 Qd8 17. Nd2 b5 18. Nf3 f6 19. Rd6 Qc7 20. Rd2 Qa7 21. Qc3
Qc5 22. Qd3 Kd8 23. c3 Kc7 24. b4 Qe7 25. Be2 Nb6 26. Qe3 Bb7 27. Rhd1 Rhd8 28.
Rxd8 Rxd8 29. Rxd8 Qxd8 30. Nd2 Qh8 31. h3 Qh4 32. Bf1 Qh8 33. c4 bxc4 34. Qxa3
Qd8 35. Qa5 c3 36. Nb3 Kc8 37. Kc2 c5 38. Qxc5+ Kb8 39. Bd3 Na4 40. Qb5 Nb6 41.
Nc5 1-0

[Event "tht Extraliga 16/17,Lokomotiva Brno-Novy Bor"]
[Site "Brno"]
[Date "2016.10.08"]
[Round "1.5"]
[White "Kratochvil, Vit"]
[Black "Markos, Jan"]
[WhiteElo "2252"]
[BlackElo "2572"]
[Result "0-1"]
[PlyCount "184"]

1. e4 c5 2. Nf3 Nc6 3. d4 cxd4 4. Nxd4 e5 5. Nb5 d6 6. c4 Be7 7. N1c3 a6 8. Na3
f5 9. exf5 Bxf5 10. Bd3 Be6 11. O-O Nf6 12. Bg5 O-O 13. Nc2 Rc8 14. Ne3 Nd4 15.
Rc1 Kh8 16. Ne2 Nd7 17. Nxd4 exd4 18. Qh5 Bg8 19. Bxe7 Qxe7 20. Nd5 Qe5 21. Qh4
g5 22. Qh6 Rce8 23. b4 Re6 24. Qh3 Qg7 25. Rfe1 Ne5 26. Bf1 Rh6 27. Qg3 Rh4 28.
h3 b5 29. Nb6 Rhf4 30. c5 dxc5 31. Rxc5 Ng6 32. Rxg5 Qb7 33. Bd3 Qxb6 34. Bxg6
hxg6 35. Rxg6 Qc7 36. Rxa6 Qh7 37. Qg5 R8f5 38. Qd8 Qh4 39. Qxh4+ Rxh4 40. Rd6
Rd5 41. Rxd5 Bxd5 42. Rd1 Bxa2 43. g3 Bb3 44. Rd2 Re4 45. f3 Re3 46. Kf2 Bc4
47. Rxd4 Re2+ 48. Kg1 Rb2 49. h4 Rxb4 50. Kf2 Rb2+ 51. Ke3 Re2+ 52. Kf4 Re8 53.
g4 Rc8 54. Rd7 Rb8 55. Rd4 Be2 56. Ke3 Bf1 57. Rb4 Bc4 58. h5 Re8+ 59. Kf2 Ra8
60. Ke3 Re8+ 61. Kf2 Kg7 62. g5 Rh8 63. h6+ Kg6 64. f4 Kf5 65. Kf3 Ra8 66. Rb1
Ra3+ 67. Kf2 Kxf4 68. h7 Ra2+ 69. Kg1 Ra8 70. g6 Bd3 71. g7 Bxh7 72. Rxb5 Rg8
73. Rb7 Kg5 74. Rb2 Kf6 75. Rb7 Bg6 76. Kf2 Bf7 77. Rb6+ Kxg7 78. Ke3 Re8+ 79.
Kf4 Re1 80. Kg5 Rf1 81. Rb4 Kf8 82. Rb6 Ke7 83. Rb7+ Kd6 84. Rb6+ Ke5 85. Rb5+
Bd5 86. Rb8 Rg1+ 87. Kh4 Be6 88. Rb5+ Kf6 89. Rb4 Bf5 90. Rb5 Rg4+ 91. Kh5 Ra4
92. Rb8 Bg6+ 0-1

[Event "tht Extraliga 16/17,Lokomotiva Brno-Novy Bor"]
[Site "Brno"]
[Date "2016.10.08"]
[Round "1.6"]
[White "Babula, Vlastimil"]
[Black "Dvorak, Adam"]
[WhiteElo "2545"]
[BlackElo "2208"]
[Result "1-0"]
[PlyCount "63"]

1. d4 Nf6 2. c4 e6 3. Nf3 c5 4. d5 exd5 5. cxd5 d6 6. Nc3 g6 7. Nd2 Bg7 8. e4
O-O 9. Be2 Ne8 10. O-O Qh4 11. f4 f5 12. e5 dxe5 13. Nf3 Qe7 14. fxe5 Bxe5 15.
Nxe5 Qxe5 16. Bf4 Qf6 17. d6 Be6 18. Bf3 Nd7 19. Re1 Ng7 20. Bxb7 Rae8 21. Qd2
Qf7 22. Nd5 Kh8 23. Nc7 Rd8 24. Bh6 Rfe8 25. Bc6 f4 26. Nxe8 Rxe8 27. Bxf4 Nf5
28. Re4 Nd4 29. Bxd7 Bxd7 30. Rxe8+ Qxe8 31. Re1 Qf7 32. Be5+ 1-0

[Event "tht Extraliga 16/17,Lokomotiva Brno-Novy Bor"]
[Site "Brno"]
[Date "2016.10.08"]
[Round "1.7"]
[White "Kratochvil, Karel"]
[Black "Zilka, Stepan"]
[WhiteElo "2173"]
[BlackElo "2524"]
[Result "0-1"]
[PlyCount "50"]

1. e4 c5 2. Nf3 d6 3. c3 Nf6 4. Bd3 Nc6 5. h3 g6 6. O-O Bg7 7. Re1 Ne5 8. Bf1
Nxf3+ 9. Qxf3 Nd7 10. Na3 O-O 11. Nc4 Ne5 12. Nxe5 Bxe5 13. Bc4 e6 14. d3 Bg7
15. Be3 b5 16. Bb3 a5 17. e5 Ba6 18. Qc6 Bxe5 19. Bxc5 Bxc3 20. Bb6 Rc8 21. Qe4
Qxb6 22. bxc3 Rxc3 23. Re3 Bb7 24. Qg4 a4 25. Qb4 Qc6 0-1

[Event "tht Extraliga 16/17,Lokomotiva Brno-Novy Bor"]
[Site "Brno"]
[Date "2016.10.08"]
[Round "1.8"]
[White "Kriebel, Tadeas"]
[Black "Kratochvil, Milan"]
[WhiteElo "2445"]
[BlackElo "2205"]
[Result "1-0"]
[PlyCount "89"]

1. c4 Nf6 2. g3 d5 3. cxd5 Nxd5 4. Bg2 c5 5. Nc3 e6 6. Nxd5 exd5 7. Qb3 Be6 8.
Qxb7 Nd7 9. Nf3 Be7 10. O-O Bf6 11. d4 O-O 12. Bf4 cxd4 13. Rfc1 Qb6 14. Qxb6
axb6 15. Bg5 Bxg5 16. Nxg5 Rfc8 17. f4 h6 18. Rxc8+ Rxc8 19. Nf3 d3 20. exd3
Nc5 21. Rd1 Na4 22. Rd2 Rc1+ 23. Kf2 Ra1 24. b3 Nc3 25. Ke3 Nxa2 26. Kd4 f6 27.
Re2 Kf7 28. Rc2 Nb4 29. Rc7+ Kf8 30. Rb7 Nc6+ 31. Ke3 Ra2 32. Rxb6 Bd7 33. Bh3
Be8 34. Be6 Nd8 35. Bxd5 Ke7 36. b4 Rb2 37. Nd4 Bd7 38. h4 Rb1 39. Rb8 Rg1 40.
Kf2 Rd1 41. Bc4 Nf7 42. Rb7 Nd6 43. Nc6+ Ke8 44. Rb8+ Nc8 45. Na7 1-0

[Event "tht Extraliga 16/17,SK AD Jicin-BSS Frydek Mistek"]
[Site "Jicin"]
[Date "2016.10.08"]
[Round "1.1"]
[White "Sethuraman, S.P."]
[Black "Korobov, Anton"]
[WhiteElo "2633"]
[BlackElo "2687"]
[Result "1-0"]

1. e4  e6  2. d4  d5
3. Nc3  Nf6  4. e5
Nfd7  5. f4  c5
6. Nf3  Nc6  7. Be3  a6
8. Qd2  Be7  9. a3
O-O  10. dxc5  Nxc5
11. Qf2  Qa5  12. O-O-O
Bd7  13. f5  d4
14. Bxd4  exf5  15. Bc4  Be6
16. Bxe6  fxe6  17. Qe2
b5  18. Kb1  Rab8
19. Bxc5  Bxc5  20. Na2
Qc7  21. Nc1  Be7
22. Rd3  Rfd8  23. Rhd1
Rxd3  24. Nxd3  b4
25. a4  b3  26. cxb3
Rxb3  27. Qc2  Qb6
28. Nd2  Nd4  29. Qc8+
Kf7  30. Nxb3  Qxb3
31. Rd2  Qxa4  32. Qc3
Nb5  33. Qc2  Qe4
34. Re2  Qd4  35. Re1
g6  36. g3  h5
37. Qb3  g5  38. Rc1  Qe3
39. Qc4  h4  40. gxh4
gxh4  41. Rf1  Ke8
42. Re1  Qb6  43. Qb3
Bg5  44. Qb4  Kf7
45. Ka2  h3  46. Qb3
Qa5+  47. Kb1  Qd2
48. Qd1  Qxd1+  49. Rxd1
Kg6  50. Rg1  Kh5
51. Rg3  Kh4  52. Nf2
Bf4  53. Rxh3+  Kg5
54. Nd3  Nd4  55. Rh8
Be3  56. h4+  Kg4
57. h5  Kg5  58. b4
f4  59. h6  f3
60. h7  Kg6  61. Kb2  Kg7
62. Rf8  Kxh7  63. Kc3
Kg6  64. Nc5  f2
65. Rf6+  Kh5  66. Kd3
Nf5  67. Ke2  Bg5
68. Rf8  Be7  69. Ra8
Nd4+  70. Kxf2  Nc6
71. Re8  a5  72. Rxe7
Nxe7  73. bxa5  Kg5
74. a6  Nd5  75. a7
Nb6  76. Ke3  Kf5
77. Kd4  Na8  78. Nd7
1-0

[Event "tht Extraliga 16/17,SK AD Jicin-BSS Frydek Mistek"]
[Site "Jicin"]
[Date "2016.10.08"]
[Round "1.2"]
[White "Azarov, Sergei"]
[Black "Pavlidis, Antonios"]
[WhiteElo "2577"]
[BlackElo "2530"]
[Result "1/2-1/2"]

1. e4  e5  2. Nf3  Nc6
3. Bb5  a6  4. Ba4
Nf6  5. O-O  Nxe4
6. d4  b5  7. Bb3
d5  8. dxe5  Be6
9. Nbd2  Nc5  10. c3
Be7  11. Bc2  d4
12. cxd4  Nxd4  13. Nxd4
Qxd4  14. Nf3  Qxd1
15. Rxd1  O-O  16. Be3
Rfd8  17. Nd4  Bd5
18. Rac1  Ne6  19. Nf5
Bf8  20. Bb1  Bb7
21. f4  Rxd1+  22. Rxd1
Rd8  23. Rxd8  Nxd8
24. Kf2  Ne6  25. g4
Bd5  26. Ng3  Nc5
27. Bd2  g6  28. Ke3
Be7  29. Bb4  Kf8
30. Kd4  Ne6+  31. Kxd5
Bxb4  32. f5  Ng5
33. Be4  Bd2  34. Bg2
Bf4  35. Nf1  gxf5
36. gxf5  h6  37. h4
Nh7  38. Ke4  Bc1
39. b3  Ke8  40. Ne3
Nf8  41. Nd5  Kd8
42. Nb4  Nd7  43. Nc6+
Ke8  44. b4  f6
45. e6  Nb6  46. Nb8  Nc8
47. Nxa6  Nd6+  48. Kd3
Kd8  49. Be4  Bf4
50. Nb8  Bg3  51. Nc6+
Ke8  52. h5  Bf2
53. Nd4  Kd8  54. Ne2
Be1  55. Nf4  c6
56. Bxc6  Nxf5  57. Nd5
Ne7  58. Nxe7  Kxe7
59. a3  Kxe6  60. Bxb5
Kd5  61. Bd7  Ke5
62. Bc6  f5  63. Kc4
Kd6  64. Bf3  Bd2
65. Kb5  Bc1  66. a4
Bd2  67. Kc4  Be1
68. Bg2  Bd2  69. a5
Be1  70. Bh3  f4
71. Bg2  f3  72. Bxf3
Bd2  73. Kb3  Be1
74. Ka4  Bh4  75. b5
Kc5  76. Be2  Bd8
77. Bg4  Bc7  78. Be6
Bg3  79. Ba2  Be1
80. b6  Bd2  81. Bb1
Be1  82. Bd3  Bd2
83. Be2  Be1  84. b7
Bg3  85. Kb3  Kc6
86. a6  Kb6  1/2-1/2

[Event "tht Extraliga 16/17,SK AD Jicin-BSS Frydek Mistek"]
[Site "Jicin"]
[Date "2016.10.08"]
[Round "1.3"]
[White "Bures, Jaroslav"]
[Black "Fedorov, Aleksei"]
[WhiteElo "2384"]
[BlackElo "2567"]
[Result "1/2-1/2"]

1. d4  Nf6  2. c4  g6
3. g3  Bg7  4. Bg2
O-O  5. Nc3  d6
6. Nf3  Nc6  7. O-O  Bf5
8. b3  e5  9. dxe5
dxe5  10. Nh4  Bd7
11. Bb2  Qc8  12. Nd5
Re8  13. Qd2  Nd4
14. f4  Nxd5  15. Bxd5
Be6  16. fxe5  Nc6
17. Bxc6  bxc6  18. Qf4
Qd7  19. Nf3  Rad8
20. h4  Bh3  21. Rf2
h6  22. Kh2  Bg4
23. Raf1  c5  24. e6
Qxe6  25. Bxg7  Kxg7
26. Qxc7  Qe7  27. Qf4
Bc8  28. Ne1  Bf5
29. Nd3  Rd7  30. Qc1
Bxd3  31. exd3  Qe3
32. Qb2+  Kg8  33. Rf3
Qe2+  34. R1f2  Qd1
35. Qd2  Re1  36. Qxd1
Rxd1  37. Rf6  R1xd3
38. Rc6  Rd2  39. Kg2
Rxf2+  40. Kxf2  Rd2+
41. Ke3  Rxa2  42. Rxc5
Rg2  1/2-1/2

[Event "tht Extraliga 16/17,SK AD Jicin-BSS Frydek Mistek"]
[Site "Jicin"]
[Date "2016.10.08"]
[Round "1.4"]
[White "Zwardon, Vojtech"]
[Black "Kraus, Tomas"]
[WhiteElo "2413"]
[BlackElo "2406"]
[Result "1/2-1/2"]

1. c4  c5  2. g3  Nc6
3. Bg2  Nf6  4. Nc3
e6  5. Nf3  d5
6. cxd5  Nxd5  7. O-O  Be7
8. Nxd5  exd5  9. d4
O-O  10. dxc5  Bxc5
11. Bg5  Qd7  12. Rc1
Bb6  13. Qb3  Re8
14. e3  h6  15. Bf4
g5  16. Bxg5  hxg5
17. Rfd1  Qe7  18. Qxd5
Bg4  19. Qb5  Ne5
20. Nxe5  Bxd1  21. Rxd1
Qxe5  22. Rd5  Qh8
23. Rxg5+  Kf8  24. Rh5
Qf6  25. Rf5  Qd6
26. Bd5  f6  27. Qe2
Rac8  28. Qf3  Ke7
29. Bxb7  Rc5  30. Rf4
Re5  31. Rh4  Kd8
32. Rc4  Rc5  33. Rh4
Rce5  34. Rc4  Rc5
35. Rh4  Kc7  36. Rh7+
Kb8  37. Ba6  Qd5 38. Qf4+ Qe5
39. Qf3  Qd5  40. Qf4+
Qe5  41. Qf3  Rc7
42. Rxc7  Kxc7  43. b4
Rd8  44. Qb7+  Kd6
45. Qf7  Qe6  46. Qg6
Kc7  47. Bf1  Rd2
48. Qg7+  Rd7  49. Qg6
Kb8  50. Qc2  Rc7
51. Qb2  Qe5  52. Qd2
Rc3  53. Qd1  Kc7
54. a4  a5  55. bxa5
Bxa5  56. Qf3  Rc2
57. Bd3  Rb2  58. Bb5
Qd6  59. Kf1  Rd2
60. h4  Rd1+  61. Kg2
Qd5  62. e4  Qd4
63. h5  Qa1  64. Qf4+
Kb7  65. Kh3  Rh1+
66. Kg4  Qd1+  67. f3
Qd8  68. Qf5  Qg8+
69. Qg6  Qe6+  70. Qf5
Qg8+  71. Qg6  Qe6+
72. Qf5  Qxf5+  73. Kxf5
Rxh5+  74. Kxf6  Bc3+
75. Ke6  Rh3  76. e5
Rxg3  77. Kd6  Kb6
78. f4  Bb4+ 79. Kd5 Rf3 80. Ke4 Rf2 81. f5 Kc5
82. f6 Bd2 83. e6 Rxf6 84. e7 1/2-1/2

[Event "tht Extraliga 16/17,SK AD Jicin-BSS Frydek Mistek"]
[Site "Jicin"]
[Date "2016.10.08"]
[Round "1.5"]
[White "Vykouk, Jan"]
[Black "Rojicek, Vojtech"]
[WhiteElo "2428"]
[BlackElo "2406"]
[Result "1-0"]

1. e4  c5  2. Nf3  e6
3. d4  cxd4  4. Nxd4
a6  5. Bd3  Bc5
6. Nb3  Ba7  7. Qe2  Nc6
8. Be3  d6  9. O-O
Nge7  10. Rd1  e5
11. Bxa7  Rxa7  12. Qd2
Bg4  13. Be2  Bxe2
14. Qxe2  O-O  15. Nc3
Qc7  16. Rd2  Raa8
17. Rad1  Rad8  18. Rd3
Nb4  19. Rg3  d5
20. a3  d4  21. axb4
dxc3  22. Rxc3  Qb6
23. Rxd8  Rxd8  24. Rd3
Rxd3  25. Qxd3  Ng6
26. c3  h6  27. g3
Qe6  28. Nc5  Qg4
29. Qd8+  Kh7  30. Qd7
Qe2  31. Qf5  b6
32. Nd7  Qxb2  33. h4
h5  34. Qxf7  Qxc3
35. Qf5  Qc1+  36. Kg2
Kh6  37. Nxb6  1-0

[Event "tht Extraliga 16/17,SK AD Jicin-BSS Frydek Mistek"]
[Site "Jicin"]
[Date "2016.10.08"]
[Round "1.6"]
[White "Szotkowski, Jakub"]
[Black "Rydl, Jiri"]
[WhiteElo "2408"]
[BlackElo "2394"]
[Result "0-1"]

1. d4  Nf6  2. c4  e6
3. g3  Bb4+  4. Bd2
c5  5. Bxb4  cxb4
6. Bg2  O-O  7. e4
d6  8. Ne2  e5
9. O-O  Re8  10. a3  Bg4
11. axb4  exd4  12. f3
Be6  13. b3  Qb6
14. Kh1  Qxb4  15. Nxd4
Bd7  16. Na3  Na6
17. Rf2  Nc7  18. Rd2
Rad8  19. Nac2  Qb6
20. Ne3  g6  21. Qc1
h5  22. Qc3  Re5
23. Rad1  h4  24. Ne2
Be6  25. gxh4  a5
26. Ng3  Nh5  27. Nxh5
Rxh5  28. f4  Bc8
29. e5  Be6  30. Rxd6
Rxd6  31. exd6  Na6
32. d7  Qd8  33. Bxb7
Nc5  34. Bf3  Rxh4
35. f5  Bxd7  36. fxg6
fxg6  37. Ng2  Rh3
38. Rd6  Qe8  39. Qf6
0-1

[Event "tht Extraliga 16/17,SK AD Jicin-BSS Frydek Mistek"]
[Site "Jicin"]
[Date "2016.10.08"]
[Round "1.7"]
[White "Svoboda, Svatopluk"]
[Black "Pisk, Petr"]
[WhiteElo "2441"]
[BlackElo "2349"]
[Result "1-0"]

1. e4  c6  2. d4  d5
3. Nd2  dxe4  4. Nxe4
Bf5  5. Ng3  Bg6
6. h4  h6  7. Nf3
Nd7  8. h5  Bh7
9. Bd3  Bxd3  10. Qxd3  e6
11. Bd2  Ngf6  12. O-O-O
a5  13. Kb1  a4
14. Qe2  b5  15. Ne5  a3
16. b3  Qb6  17. Nxd7
Kxd7  18. Qf3  Bd6
19. Ne2  b4  20. g4
Qa5  21. c4  bxc3
22. Nxc3  Bb4  23. Ne4
Bxd2  24. Nxd2  Qd5
25. Qf4  Rhb8  26. Ka1
Rb4  27. Nc4  Rab8
28. Rhe1  Ke7  29. f3
Qd7  30. Qc1  Qd5
31. Ne5  R4b6  32. Qxa3+
Ke8  33. Re2  Rb4
34. Red2  c5  35. Qa7
cxd4  36. Qxf7+  Kd8
37. Qf8+  Kc7  38. Rc1+
Kb7  39. Qxb4+  1-0

[Event "tht Extraliga 16/17,SK AD Jicin-BSS Frydek Mistek"]
[Site "Jicin"]
[Date "2016.10.08"]
[Round "1.8"]
[White "Jasny, Stanislav"]
[Black "Svoboda, Vaclav"]
[WhiteElo "2368"]
[BlackElo "2426"]
[Result "0-1"]

1. e4  c5  2. Nf3  Nc6
3. d4  cxd4  4. Nxd4
Nf6  5. Nc3  d6
6. Bg5  e6  7. Qd2  a6
8. O-O-O  Bd7  9. f3
b5  10. Nxc6  Bxc6
11. Ne2  h6  12. Be3
Qc7  13. Kb1  Rc8
14. h4  Be7  15. Nd4
Bb7  16. Bd3  Nd7
17. g4  d5  18. exd5
Bxd5  19. g5  Ne5
20. gxh6  gxh6  21. Rh3
Nc4  22. Bxc4  Qxc4
23. b3  Qc3  24. Qxc3
Rxc3  25. Bd2  Rc8
26. Ne2  Rg8  27. Rg1
Rxg1+  28. Nxg1  h5
29. Ne2  e5  30. Nc1
Kd7  31. Nd3  Ke6
32. Bb4  Bf6  33. Nc5+
Kf5  34. Nxa6  Rg8
35. Bc3  Rg1+  36. Kb2
Rf1  37. Nb4  Bxf3
38. Rh2  Bd8  39. a4
bxa4  40. bxa4  Rh1
41. Rd2  Bxh4  42. Rd7
Ke6  43. Rd3  e4
44. Rd5  Bf2  45. a5
h4  46. a6  h3
47. Re5+  Kd6  48. Ra5  h2
49. Be5+  Ke6  50. Bxh2
Rxh2  51. a7  e3
52. a8=Q  Bxa8  53. Rxa8
e2  54. Nd3  Ke7
55. Ra4  f5  56. Ra5
Kf6  57. Ra6+  Kg5
58. Re6  f4  59. Kb3
f3  60. c4  Bg3
61. c5  f2  62. Nxf2  Rxf2
63. c6  Rf3+  0-1

[Event "tht Extraliga 16/17,Rapid Pardubice-Tatran Litovel"]
[Site "Pardubice"]
[Date "2016.10.08"]
[Round "1.1"]
[White "Balogh, Csaba"]
[Black "Zpevak, Pavel"]
[WhiteElo "2621"]
[BlackElo "2343"]
[Result "1/2-1/2"]

1. e4  c5  2. Nf3  e6
3. g3  Nc6  4. Bg2
d5  5. exd5  exd5
6. d4  Nf6  7. O-O
Be7  8. Be3  cxd4
9. Nxd4  O-O  10. h3
Re8  11. Re1  a6
12. Nc3  Bb4 13. a3  Bxc3
14. bxc3  Na5  15. Bg5 Be6 16.
f4  Rc8  17. Qf3  Nc6
18. Nxc6  Rxc6  19. Bxf6
Qxf6  20. f5  Bd7
21. Qxd5  Qxc3  22. Rxe8+
Bxe8  23. Rd1  Qe3+
24. Kh2  Rxc2  25. Qxb7
h5  26. f6 1/2-1/2

[Event "tht Extraliga 16/17,Rapid Pardubice-Tatran Litovel"]
[Site "Pardubice"]
[Date "2016.10.08"]
[Round "1.2"]
[White "Rosko, Lubos"]
[Black "Fier, Alexandr"]
[WhiteElo "2360"]
[BlackElo "2614"]
[Result "0-1"]

1. d4  Nf6  2. Nf3  g6
3. g3  Bg7  4. Bg2
O-O  5. c4  d6
6. Nc3  Nc6  7. O-O  Rb8
8. Qd3  Nb4  9. Qd2
Nc6  10. Qd3  Bd7
11. e4  Bg4  12. Be3
Nd7  13. Ne1  f5
14. h3  Bh5  15. f3
e5  16. d5  Nb4
17. Qd2  f4  18. Bxa7  Ra8
19. g4  Rxa7  20. Nb5
Rxa2  21. Rxa2  Nxa2
22. b4  Bxg4  23. fxg4
Qa8  24. Rf2  Nxb4
25. Qxb4  Rc8  26. Nd3
Bf8  27. Qb3  Kh8
28. Ra2  Qb8  29. g5
Be7  30. h4  Rf8
31. Bh3  Qd8  32. Qd1
Nb6  33. Qb3  f3
34. c5  Bxg5  35. hxg5
Qxg5+  36. Kf1  Qh6
37. Nf2  Qc1+  38. Nd1
Nc4  39. Kf2  Na5
40. Rxa5  Qd2+  41. Kg3
Qf4+  42. Kf2  Qh2+
0-1

[Event "tht Extraliga 16/17,Rapid Pardubice-Tatran Litovel"]
[Site "Pardubice"]
[Date "2016.10.08"]
[Round "1.3"]
[White "Votava, Jan"]
[Black "Studnicka, Tomas"]
[WhiteElo "2522"]
[BlackElo "2328"]
[Result "1/2-1/2"]

1. d4  Nf6  2. c4  g6
3. Nc3  Bg7  4. e4
d6  5. f3  O-O
6. Be3  e5  7. Nge2  Nc6
8. d5  Ne7  9. Qd2
Ne8  10. g4  f5
11. g5  c5  12. h4  a6
13. h5  Rf7  14. h6
Bf8  15. f4  exf4
16. Nxf4  Qa5  17. Ne6
fxe4  18. Nxe4  Qxd2+
19. Bxd2  Nf5  20. Nxf8
Kxf8  21. O-O-O  Nd4
22. Bc3  Bg4  23. Bxd4
Bxd1  24. Bg7+  Nxg7
25. hxg7+  Kxg7  26. Kxd1
Rd8  27. Kd2  Rf5
28. a4  b5  29. a5
Rdf8  30. Be2  Rf4
31. Ke3  R4f5  32. b3
Re8  33. Rg1  h5
34. gxh6+  Kxh6  35. Bg4
bxc4  36. bxc4  Rfe5
37. Be6  Rb8  38. Kf4
Rf8+  39. Ke3  g5
40. Bg4  Rb8  41. Kd3
Rb3+  42. Nc3  Kg6
43. Rh1  Kg7  44. Be6
Ra3  45. Rf1  Kg6
46. Bf7+  Kh6  47. Be6
Kh5  48. Rh1+  Kg6
49. Bg4  Re7  50. Rb1
Rh7  51. Re1  Rh4
52. Rg1  Kf6  53. Rf1+
Kg6  54. Rg1  Rh2
55. Rg3  Rf2  56. Bf3
Rxa5  57. Be4+  Kf6
58. Ke3  Rh2  59. Bd3
Ra3  60. Ne4+  Ke7
61. Nxg5  a5  62. Ne4
a4  63. Kf4  Rh4+
64. Kf5  Rh5+  65. Ng5
Rb3  66. Kg6  Rh4
67. Rf3  Kd7  68. Rf7+
Kc8  69. Bf5+  Kb8
70. Ne4  a3  71. Nxd6
a2  72. Rf8+  Kc7
73. Ra8  Kxd6  74. Rxa2
Rg3+  75. Kf6  Rh6+
76. Kf7  Ke5  77. Be6
Rh7+  78. Kf8  Rb3
79. Re2+  Kd6  80. Kg8
Ra7  81. Bf7  Rg3+
82. Kf8  Ra4  83. Re6+
Kc7  84. Rc6+  Kd8
85. Rxc5  Rf3  86. d6
Ra7  87. Rc7  1/2-1/2

[Event "tht Extraliga 16/17,Rapid Pardubice-Tatran Litovel"]
[Site "Pardubice"]
[Date "2016.10.08"]
[Round "1.4"]
[White "Kuchynka, Lukas"]
[Black "Petr, Martin"]
[WhiteElo "2260"]
[BlackElo "2493"]
[Result "1/2-1/2"]

1. d4  Nf6  2. c4  g6
3. Nc3  d5  4. h4
c6  5. cxd5  cxd5
6. Bf4  Bg7  7. e3
O-O  8. h5  Nxh5
9. Rxh5  gxh5  10. Qxh5
f5  11. Bd3  Nd7
12. Bxf5  Nf6  13. Qg5
Bxf5  14. Qxf5  Qb6
15. O-O-O  Rac8  16. Nge2
e6  17. Qh3  Qa6
18. Kb1  Ne4  19. Qh4
Rf7  20. g4  Qc4
21. g5  b5  22. g6
hxg6  23. Rh1  Nxc3+
24. Nxc3  Rxf4  25. Qxf4
b4  26. Qg4  Qd3+
27. Ka1  Qf5  28. Qxf5
gxf5  29. Ne2  Rc2
30. Re1  Kf7  31. Kb1
Rc4  32. b3  Rc8
33. Rc1  Rxc1+  34. Nxc1
f4  35. Kc2  Bh6
36. Nd3  fxe3  37. fxe3
Bxe3  38. Ne5+  Ke8
39. Kd3  Bh6  40. Nc6
a5  41. Ne5  Ke7
42. Nf3  Kf6  43. Ne1
Kf5  44. Nf3  Bf4
45. Ne1  Kg4  46. Ke2
Bb8  47. Nd3  Kf5
48. Kf3  Bh2  49. Ne1
Bc7  50. Nd3  Bb8
51. Ke3  Bh2  52. Ne1
Bg1+  53. Kd3  Kf4
54. Nc2  Kf3  55. a3
a4  56. axb4  axb3
57. Na3  Bh2  58. b5
Bc7  59. Nb1  b2
60. Nd2+  Kf4  61. Kc2
e5  62. dxe5  Bxe5
63. b6  Ke3  64. b7
Bb8  65. Nb3  d4
66. Nxd4  Kxd4  67. Kxb2
Kc5  1/2-1/2

[Event "tht Extraliga 16/17,Rapid Pardubice-Tatran Litovel"]
[Site "Pardubice"]
[Date "2016.10.08"]
[Round "1.5"]
[White "Marek, Matyas"]
[Black "Straka, Vojtech"]
[WhiteElo "2381"]
[BlackElo "2341"]
[Result "1/2-1/2"]

1. e4  c5  2. Nf3  g6
3. d4  cxd4  4. Nxd4
Nc6  5. Nc3  Bg7
6. Nde2  Nf6  7. g3
b5  8. Bg2  Rb8
9. O-O  O-O  10. h3  b4
11. Nd5  Nxd5  12. exd5
Ne5  13. Rb1  Bb7
14. b3  d6  15. a3
a5  16. Re1  Qc7
17. axb4  axb4  18. Kh2
Rfc8  19. Nd4  Kf8
20. Bb2  Qc5  21. f4
Nd7  22. Nc6  Bxc6
23. dxc6  Nf6  24. g4
Ne8  25. Bc1  e6
26. Be3  Qb5  27. f5
gxf5  28. gxf5  Qxf5
29. Rf1  Be5+  30. Kh1
Qg6  31. Bf4  Rb5
32. Qe2  Rc5  33. c4
bxc3  34. b4  c2
35. Rbc1  Bxf4  36. Rxf4
Re5  37. Qf2  Nc7
38. Rxc2  Nd5  39. Rg4
Qf5  40. Qxf5  Rxf5
41. b5  Nb6  42. Rb4
Rc5  43. Ra2  d5
44. Ra6  Rb8  45. Ra7
Nc4  46. Bf1  Rxc6
47. bxc6  Rxb4  48. c7
Nd6  49. Ra6  Rb7
50. Rxd6  Rxc7  51. Rd8+
Kg7  52. Kg2  f5
53. Bb5  Kf6  54. Rd7
Rxd7  55. Bxd7  d4
56. Kf3  e5  57. h4
h6  58. Ba4  Ke6
59. Bc2  Kf6  60. Bd3
Kg6  61. Bc4  Kh5
62. Be6  Kg6  63. Bd5
d3  64. Bc4  e4+
65. Kf4  Kf6  66. h5
d2  67. Bb3  e3
1/2-1/2

[Event "tht Extraliga 16/17,Rapid Pardubice-Tatran Litovel"]
[Site "Pardubice"]
[Date "2016.10.08"]
[Round "1.6"]
[White "Hollan, Petr"]
[Black "Jirovsky, Milos"]
[WhiteElo "2288"]
[BlackElo "2439"]
[Result "1/2-1/2"]

1. e4  c5  2. c3  Nf6
3. e5  Nd5  4. d4
cxd4  5. Nf3  Nc6
6. cxd4  d6  7. exd6
Qxd6  8. Nc3  e6
9. a3  Be7  10. Bd3
b6  11. Ne4  Qc7
12. O-O  Bb7  13. Qe2
h6  14. Rd1  Rc8
15. Bd2  O-O  16. Rac1
Nf4  17. Bxf4  Qxf4
18. Qe3  Qxe3  19. fxe3
Rfd8  20. Rc3  Na5
21. Rdc1  Rxc3  22. Rxc3
Rc8  23. Ne5  f6
24. Ng6  Kf7  25. Nxe7
Kxe7  26. Rxc8  Bxc8
27. Kf2  Nb7  28. Ba6
Nd6  29. Nxd6  Bxa6
30. Ne4  f5  31. Nc3
Kd6  32. h4  e5
33. dxe5+  Kxe5  34. g3  Bc4
35. b4  g5  36. hxg5
hxg5  37. Ke1  Kf6
38. Kf2  Ke6  39. Ke1
Ke5  40. Kd2  Ke6
41. Ke1  Ke5  42. Kd2
Ke6 1/2-1/2

[Event "tht Extraliga 16/17,Rapid Pardubice-Tatran Litovel"]
[Site "Pardubice"]
[Date "2016.10.08"]
[Round "1.7"]
[White "Konopka, Michal"]
[Black "Belunek, Vladimir"]
[WhiteElo "2398"]
[BlackElo "2223"]
[Result "1/2-1/2"]

1. Nf3  d5  2. d4  c6
3. c4  e6  4. Qc2
Nf6  5. Nbd2  Nbd7
6. g3  Be7  7. Bg2
O-O  8. O-O  b6
9. Rd1  Bb7  10. e4  Rc8
11. b3 Qc7  12. Bb2  Qb8
13. Rac1  Rfd8  14. Qb1
h6  15. h4  a5
16. e5  Ne8  17. cxd5  cxd5
18. h5  Ba6  19. Bf1
Qb7  20. Ne1  Rxc1
21. Rxc1  Rc8  22. Bxa6
Qxa6  23. Qd3  Qxd3
24. Nxd3  Rxc1+  25. Bxc1
Nc7  26. f4  Nb8
27. Kf2  Nc6  28. Bb2
Nb4  29. Nxb4  Bxb4
30. Nf3  Nb5  31. Ke3
Na7  32. g4  Nc6
33. f5  Be7  34. Bc3
b5  35. a4  b4
36. Bd2  Bd8  37. Kd3  Ne7
38. Nh4  Nc6  39. Nf3
Ne7  40. f6  Nc6
41. fxg7  Kxg7  42. Bf4
Be7  43. Ke3  Bd8
44. g5  hxg5  45. Bxg5
Bxg5+  46. Nxg5  Kh6
47. Nxf7+  Kxh5  48. Nd6
Kg4  49. Nb7  Kf5
50. Nd6+  Kg4  51. Nb5
Kf5  52. Kf3  Kg5
53. Kg3 1/2-1/2